| 000 | 01852nam0a2200421 4500 | ||
|---|---|---|---|
| 001 | RU\NLR\BIBL_A\012327343 | ||
| 005 | 20241203114227.0 | ||
| 010 |
_a978-5-907285-17-0 _9300 |
||
| 021 |
_aRU _bКН-П-20-026268 _9КН-П-20-2029 |
||
| 035 | _a(NLR Aleph) 012327343 | ||
| 035 | _a(RuMoRGB)010328723 | ||
| 090 |
_a11453902 _c11453902 |
||
| 100 | _a20200907d2020 k y0rusy50 ca | ||
| 101 | 0 |
_arus _audm |
|
| 102 | _aRU | ||
| 105 | _aa|||z|||000zy | ||
| 181 | 0 |
_ai _baxxe |
|
| 182 | 0 | _an | |
| 200 | 1 |
_aКлючевые понятия удмуртской языковой картины мира _e[монография] _fТ. Р. Душенкова |
|
| 203 |
_aТекст _bвизуальный _cнепосредственный |
||
| 210 |
_aИжевск _cШелест _d2020 |
||
| 215 |
_a244, [1] с. _cтабл. _d21 |
||
| 300 | _aНа 4-й с. обл. авт.: Душенкова Т. Р. - канд. филол. наук, Лауреат Премии Прогр. родственных народов в области науки | ||
| 320 | _aБиблиогр. в конце кн. и в подстроч. примеч. | ||
| 606 | 1 |
_aУдмуртский язык _2nlr_sh2 _3RU\NLR\AUTH\661119818 |
|
| 606 | 1 |
_aЭтнолингвистика _2nlr_sh2 _3RU\NLR\AUTH\661016864 |
|
| 606 | 1 |
_aКартина мира (лингв.) _2nlr_sh2 _3RU\NLR\AUTH\661436371 |
|
| 610 | 0 | _aудмуртская языковая картина мира | |
| 610 | 0 | _aконцептосферы удмуртского языка | |
| 686 | 1 | _aШ166.41 | |
| 686 | 1 | _aШ100.33 | |
| 686 | 1 | _aШ100.4 | |
| 700 | 1 |
_aДушенкова _bТ. Р. _f1973- _gТатьяна Рудольфовна |
|
| 942 | _cBOOK | ||
| 980 | _aNBR | ||
| 980 | _aNB | ||